000 00632nam a2200217Ia 4500
001 b2468-23083 [1631]
003 IT-MiCISF
008 161014s9999||||xx |||||||||||||| ||und||
040 _aIT-MiCISF
_cIT-MiCISF
041 _ait
100 _aTonolo Giorgio
245 0 _aEducare i preadolescenti
250 _a1a ed.
260 _a Leumann (TO)
_bElle Di Ci
_c1990
300 _app. 183
500 _a / preadolescenza, formazione-personalità, amicizia, famiglia, scuola, educazione, religione, disadattamento /
650 _aetà-evolutiva
700 _aDe Pieri Severino
942 _cBK
957 _71
999 _a23083
_bsi
_g1
_c215000
_d215000